Description of the fossils and shells collected in California by William P. Blake, geologist of the United States Pacific Railroad Survey in California, under the command of Lieut. R.S. Williamson, in 1853-54. (Record no. 24532)
[ view plain ]
| 000 -LEADER | |
|---|---|
| fixed length control field | 01689cam a22003011 4500 |
| 001 - CONTROL NUMBER | |
| control field | gs 06001287 |
| 003 - CONTROL NUMBER IDENTIFIER | |
| control field | DLC |
| 005 - DATE AND TIME OF LATEST TRANSACTION | |
| control field | 20260227111305.0 |
| 008 - FIXED-LENGTH DATA ELEMENTS--GENERAL INFORMATION | |
| fixed length control field | 871112s1855 dcu 000 0 eng c |
| 010 ## - LIBRARY OF CONGRESS CONTROL NUMBER | |
| LC control number | gs 06001287 |
| 035 ## - SYSTEM CONTROL NUMBER | |
| System control number | (OCoLC)16971612 |
| 040 ## - CATALOGING SOURCE | |
| Original cataloging agency | Library, U.S. Geol. Survey |
| Transcribing agency | CU-BANC |
| Modifying agency | CU-BANC |
| -- | DLC |
| 043 ## - GEOGRAPHIC AREA CODE | |
| Geographic area code | n-us-ca |
| 050 00 - LIBRARY OF CONGRESS CALL NUMBER | |
| Classification number | QE747.C2 |
| Item number | B6 |
| 100 1# - MAIN ENTRY--PERSONAL NAME | |
| Personal name | Blake, William P. |
| Fuller form of name | (William Phipps), |
| Dates associated with a name | 1826-1910. |
| 245 10 - TITLE STATEMENT | |
| Title | Description of the fossils and shells collected in California by William P. Blake, geologist of the United States Pacific Railroad Survey in California, under the command of Lieut. R.S. Williamson, in 1853-54. |
| 260 ## - PUBLICATION, DISTRIBUTION, ETC. | |
| Place of publication, distribution, etc. | Washington, |
| Date of publication, distribution, etc. | 1855. |
| 300 ## - PHYSICAL DESCRIPTION | |
| Extent | 34 p. |
| Dimensions | 23 cm. |
| 500 ## - GENERAL NOTE | |
| General note | Cover-title. |
| 500 ## - GENERAL NOTE | |
| General note | Running title: H. doc. 129. |
| 500 ## - GENERAL NOTE | |
| General note | Half-title: Explorations and surveys for a railroad route from the Mississippi River to the Pacific Ocean.--War Department. Appendix to the preliminary geological report of William P. Blake ... Palaeontology. |
| 505 0# - FORMATTED CONTENTS NOTE | |
| Formatted contents note | Report of T.A. Conrad on the fossil shells collected in California by W.P. Blake.--Catalogue of shells collected in California by W.P. Blake, with descriptions of the new species, by A.A. Gould.--Notes upon silicified plants found fossil in California, by W.P. Blake, with a letter from Prof. J.W. Bailey.--Notice of the fossil fishes found in California by Wm. P. Blake, by L. Agassiz. |
| 650 #0 - SUBJECT ADDED ENTRY--TOPICAL TERM | |
| Topical term or geographic name entry element | Paleontology |
| Geographic subdivision | California. |
| 700 1# - ADDED ENTRY--PERSONAL NAME | |
| Personal name | Conrad, T. A. |
| Fuller form of name | (Timothy Abbott), |
| Dates associated with a name | 1803-1877. |
| 700 1# - ADDED ENTRY--PERSONAL NAME | |
| Personal name | Gould, Augustus A. |
| Fuller form of name | (Augustus Addison), |
| Dates associated with a name | 1805-1866. |
| 700 1# - ADDED ENTRY--PERSONAL NAME | |
| Personal name | Agassiz, Louis, |
| Dates associated with a name | 1807-1873. |
| 710 1# - ADDED ENTRY--CORPORATE NAME | |
| Corporate name or jurisdiction name as entry element | United States. |
| Subordinate unit | Army. |
| -- | Corps of Engineers. |
No items available.